000 004440000a22001810004500
003 MACL
005 20160130151941.0
008 160130b xxu||||| |||| 00| 0 eng d
040 _aMACL
_cMACL
041 _aEnglish
082 _a823/ASI
100 _aAsimov, Isaac
_910230
245 _aPrelude to Foundation
260 _bHarper Collins Publishers
_c1996
_aLondon
350 _a223
650 _aFiction
_936211
942 _cBK
_k823/Asi
_2ddc
999 _c32115
_d32115